[Event "Olympiad Women-44"]
[Site "Chennai"]
[Date "2022.08.03"]
[Round "6.3"]
[White "Mayorga Araya, Sofia"]
[Black "Mayrhuber, Nikola"]
[Result "0-1"]
[WhiteElo "1758"]
[BlackElo "2141"]
[PlyCount "90"]
[EventDate "2022.07.29"]
[EventType "team-swiss"]
[EventRounds "11"]
[EventCountry "IND"]
[SourceTitle "CBM 210"]
[Source "ChessBase"]
[SourceDate "2022.10.31"]
[SourceVersion "1"]
[SourceVersionDate "2022.10.31"]
[SourceQuality "1"]
[WhiteTeam "Costa Rica (W)"]
[BlackTeam "Austria (W)"]
[WhiteTeamCountry "CRI"]
[BlackTeamCountry "AUT"]

1. e4 c5 2. Nf3 d6 3. Bb5+ Nd7 4. d4 cxd4 5. Qxd4 a6 6. Bxd7+ Bxd7 7. c4 Nf6 8. Nc3 g6 9. Nd5 Bg7 10. Bg5 0-0 11. e5 Nxd5 12. Qxd5 Bc6 13. Qd3 Bxf3 14. Qxf3 Qa5+ 15. Bd2 Qxe5+ 16. Qe2 Qxb2 17. 0-0 Bc3 18. Rfd1 Bxd2 19. Qxd2 Qxd2 20. Rxd2 Rac8 21. Rd4 Rc7 22. Kf1 Rfc8 23. Rb1 Rxc4 24. Rxc4 Rxc4 25. Rxb7 Rc1+ 26. Ke2 Rc2+ 27. Kf3 Kf8 28. g4 Rxa2 29. g5 Ra5 30. Rb8+ Kg7 31. h4 Rf5+ 32. Kg3 h6 33. gxh6+ Kxh6 34. Rb7 Re5 35. Ra7 a5 36. f4 Rb5 37. Rxe7 Kg7 38. Rd7 d5 39. Kg4 a4 40. h5 gxh5+ 41. Kg5 Ra5 42. f5 a3 43. f6+ Kg8 44. Rd8+ Kh7 45. Rd7 d4+ 0-1

[Event "Novi Sad Serbia op-A"]
[Site "Novi Sad"]
[Date "2022.07.03"]
[Round "6"]
[White "Bin Suhayl, Ieysaa"]
[Black "Mayrhuber, Nikola"]
[Result "1-0"]
[WhiteElo "2240"]
[BlackElo "2141"]
[PlyCount "55"]
[EventDate "2022.06.28"]
[EventType "swiss"]
[EventRounds "9"]
[EventCountry "SRB"]
[SourceTitle "EXT 2023"]
[Source "ChessBase"]
[SourceDate "2022.10.05"]
[SourceVersion "1"]
[SourceVersionDate "2022.10.05"]
[SourceQuality "1"]

1. e4 c5 2. Nf3 d6 3. d4 cxd4 4. Nxd4 Nf6 5. Nc3 a6 6. h3 e5 7. Nde2 Be6 8. g4 h6 9. Bg2 Nbd7 10. 0-0 Rc8 11. a4 Nb6 12. Kh1 d5 13. a5 Nc4 14. Nxd5 Bxd5 15. exd5 Bd6 16. Ng3 Bb8 17. b3 Nd6 18. f4 exf4 19. Bxf4 Kf8 20. c4 Nfe8 21. Qd4 h5 22. gxh5 Kg8 23. Qd2 Qh4 24. Rae1 Nf6 25. Bxd6 Nxh5 26. Bxb8 Nxg3+ 27. Bxg3 Qxg3 28. Qf4 1-0

[Event "Novi Sad Serbia op-A"]
[Site "Novi Sad"]
[Date "2022.07.01"]
[Round "4"]
[White "Mayrhuber, Nikola"]
[Black "Ivanovic, Marko"]
[Result "1/2-1/2"]
[WhiteElo "2141"]
[BlackElo "2303"]
[PlyCount "122"]
[EventDate "2022.06.28"]
[EventType "swiss"]
[EventRounds "9"]
[EventCountry "SRB"]
[SourceTitle "EXT 2023"]
[Source "ChessBase"]
[SourceDate "2022.10.05"]
[SourceVersion "1"]
[SourceVersionDate "2022.10.05"]
[SourceQuality "1"]

1. d4 Nf6 2. c4 e6 3. Nc3 Bb4 4. Bd2 0-0 5. Nf3 d5 6. e3 b6 7. cxd5 exd5 8. Rc1 Bb7 9. Bd3 Nbd7 10. 0-0 Be7 11. Ne5 Nxe5 12. dxe5 Nd7 13. f4 Nc5 14. Bb1 d4 15. exd4 Qxd4+ 16. Kh1 Rad8 17. Qc2 Bxg2+ 18. Kxg2 Qxd2+ 19. Rf2 Qxc2 20. Bxc2 Bh4 21. Re2 Ne6 22. Rf1 Nd4 23. Rd2 f5 24. Ne2 Nxc2 25. Rxc2 c5 26. Rf3 Be7 27. a4 Kf7 28. Rb3 Rb8 29. Rd3 Rfd8 30. Rcd2 Rxd3 31. Rxd3 Rd8 32. Rxd8 Bxd8 33. Nc3 a6 34. Kf3 Ke6 35. Nd1 h6 36. Ne3 g5 37. Nc4 Bc7 38. h4 gxf4 39. Kxf4 b5 40. axb5 axb5 41. Nd6 Bxd6 42. exd6 Kxd6 43. Kxf5 c4 44. Ke4 b4 45. Kd4 c3 46. bxc3 b3 47. Kd3 Kc5 48. Kd2 Kb5 49. Kc1 Kc4 50. Kb2 h5 51. Kb1 Kxc3 52. Kc1 Kd3 53. Kb2 Kc4 54. Kb1 Kd4 55. Kb2 Ke4 56. Kxb3 Kf4 57. Kc3 Kg3 58. Kd3 Kxh4 59. Ke2 Kg3 60. Kf1 Kh2 61. Kf2 h4 1/2-1/2

[Event "Novi Sad Serbia op-A"]
[Site "Novi Sad"]
[Date "2022.06.30"]
[Round "3"]
[White "Mayrhuber, Nikola"]
[Black "Eric, Jovana"]
[Result "0-1"]
[WhiteElo "2141"]
[BlackElo "2301"]
[PlyCount "114"]
[EventDate "2022.06.28"]
[EventType "swiss"]
[EventRounds "9"]
[EventCountry "SRB"]
[SourceTitle "EXT 2023"]
[Source "ChessBase"]
[SourceDate "2022.10.05"]
[SourceVersion "1"]
[SourceVersionDate "2022.10.05"]
[SourceQuality "1"]

1. d4 Nf6 2. c4 e6 3. Nc3 Bb4 4. Bd2 0-0 5. Nf3 d5 6. e3 b6 7. cxd5 exd5 8. Rc1 Bb7 9. Bd3 Nbd7 10. 0-0 a6 11. Ne5 Bd6 12. f4 c5 13. Qf3 Re8 14. Be1 Nf8 15. Bh4 Be7 16. Kh1 Ne4 17. Bxe7 Rxe7 18. Qh5 f6 19. Nf3 g6 20. Qh4 Nxc3 21. Rxc3 Rxe3 22. f5 c4 23. Bb1 Rxc3 24. bxc3 g5 25. Qh6 Bc8 26. h4 gxh4 27. Nxh4 Ra7 28. Rf3 Rg7 29. Rh3 b5 30. Rh2 Qe7 31. Nf3 Qe2 32. Qc1 a5 33. Ng1 Qg4 34. Qb2 Bd7 35. a4 b4 36. cxb4 axb4 37. Qxb4 Qxd4 38. a5 Qf2 39. Qd6 Qd4 40. a6 Bb5 41. Rh6 Qd2 42. Rh2 c3 43. g3 Qd4 44. Bc2 Rd7 45. Qa3 Bc6 46. Rh4 Qe3 47. Rg4+ Rg7 48. Rxg7+ Kxg7 49. Qd6 Qe8 50. Qc7+ Kh8 51. Bd1 c2 52. Bxc2 d4+ 53. Kh2 Qh5+ 54. Nh3 Qe2+ 55. Nf2 Qxf2+ 56. Kh3 Qxc2 57. Qd6 Qxf5+ 0-1

[Event "Novi Sad Serbia op-A"]
[Site "Novi Sad"]
[Date "2022.06.29"]
[Round "2"]
[White "Alexiadis, Hristos"]
[Black "Mayrhuber, Nikola"]
[Result "1-0"]
[WhiteElo "2291"]
[BlackElo "2141"]
[PlyCount "125"]
[EventDate "2022.06.28"]
[EventType "swiss"]
[EventRounds "9"]
[EventCountry "SRB"]
[SourceTitle "EXT 2023"]
[Source "ChessBase"]
[SourceDate "2022.10.05"]
[SourceVersion "1"]
[SourceVersionDate "2022.10.05"]
[SourceQuality "1"]

1. d4 Nf6 2. c4 e6 3. g3 d5 4. Nf3 Be7 5. Bg2 0-0 6. 0-0 dxc4 7. Qc2 a6 8. a4 Bd7 9. Rd1 Bc6 10. Nc3 Bxf3 11. Bxf3 Nc6 12. Bxc6 bxc6 13. a5 Rb8 14. Ra4 Rb4 15. Na2 Rxa4 16. Qxa4 Qd5 17. Nc3 Qh5 18. Qxc6 Qxa5 19. Qxc4 Rd8 20. e4 Bb4 21. e5 Nd5 22. Bg5 Rd7 23. Nxd5 Rxd5 24. Qc6 Bf8 25. Qa8 Qb4 26. Rc1 h6 27. Be3 Qxb2 28. Rxc7 Qb1+ 29. Rc1 Qb6 30. Rc8 Qb1+ 31. Kg2 Qe4+ 32. Kh3 Qf5+ 33. Kg2 Qe4+ 34. Kf1 Qd3+ 35. Ke1 Qa3 36. Ke2 a5 37. h4 Rb5 38. Kf3 Rd5 39. h5 Qe7 40. Kg2 f6 41. Rc5 Rd8 42. Qc6 a4 43. Ra5 a3 44. Bc1 Qd7 45. Qxd7 Rxd7 46. Ra8 Kf7 47. Bxa3 Bxa3 48. Rxa3 Rxd4 49. Ra7+ Kg8 50. exf6 gxf6 51. f4 Rd5 52. g4 f5 53. g5 hxg5 54. fxg5 f4 55. Ra8+ Kg7 56. h6+ Kg6 57. Rg8+ Kh7 58. Rg7+ Kh8 59. Kf3 Rf5 60. g6 Rh5 61. Rh7+ Kg8 62. Kg4 Rf5 63. Ra7 1-0

[Event "Mitropa Cup (Women)"]
[Site "Corte"]
[Date "2022.05.08"]
[Round "9.3"]
[White "Butenandt, Svenja"]
[Black "Mayrhuber, Nikola"]
[Result "0-1"]
[WhiteElo "2097"]
[BlackElo "2110"]
[PlyCount "67"]
[EventDate "2022.04.30"]
[EventType "team-tourn"]
[EventRounds "9"]
[EventCountry "FRA"]
[SourceTitle "CBM 208 Extra"]
[Source "ChessBase"]
[SourceDate "2022.07.31"]
[SourceVersion "1"]
[SourceVersionDate "2022.07.31"]
[SourceQuality "1"]
[WhiteTeam "Germany (W)"]
[BlackTeam "Austria (W)"]
[WhiteTeamCountry "GER"]
[BlackTeamCountry "AUT"]

1. d4 Nf6 2. c4 e6 3. Nc3 Bb4 4. e3 0-0 5. Nge2 Re8 6. a3 Bf8 7. Ng3 d5 8. Be2 b6 9. cxd5 exd5 10. 0-0 Ba6 11. Bxa6 Nxa6 12. b4 c5 13. bxc5 bxc5 14. dxc5 Nxc5 15. a4 Re5 16. Bb2 Rg5 17. Qf3 Rb8 18. Ba3 Rb3 19. Nb5 Rg4 20. Bxc5 Bxc5 21. Nh5 Rg6 22. Rad1 d4 23. Nxf6+ Rxf6 24. Qh5 Rxb5 25. axb5 Qb6 26. Rc1 Bf8 27. exd4 Qxd4 28. Rc8 Rh6 29. Qd1 Qe5 30. h3 Rd6 31. Qa4 Qf5 32. Rfc1 Rd7 33. Qg4 Qxb5 34. R1c2 0-1

[Event "Mitropa Cup (Women)"]
[Site "Corte"]
[Date "2022.05.07"]
[Round "8.3"]
[White "Mayrhuber, Nikola"]
[Black "Juhasz, Barbara"]
[Result "1-0"]
[WhiteElo "2110"]
[BlackElo "2207"]
[PlyCount "137"]
[EventDate "2022.04.30"]
[EventType "team-tourn"]
[EventRounds "9"]
[EventCountry "FRA"]
[SourceTitle "CBM 208 Extra"]
[Source "ChessBase"]
[SourceDate "2022.07.31"]
[SourceVersion "1"]
[SourceVersionDate "2022.07.31"]
[SourceQuality "1"]
[WhiteTeam "Austria (W)"]
[BlackTeam "Hungary (W)"]
[WhiteTeamCountry "AUT"]
[BlackTeamCountry "HUN"]

1. d4 Nf6 2. c4 e6 3. Nc3 Bb4 4. Bd2 0-0 5. e3 c5 6. d5 exd5 7. Nxd5 Nxd5 8. cxd5 Bxd2+ 9. Qxd2 d6 10. Ne2 b5 11. Ng3 a6 12. a4 b4 13. a5 Bd7 14. Be2 Bb5 15. 0-0 Bxe2 16. Qxe2 Nd7 17. e4 Re8 18. f4 Ra7 19. Qc4 Qb8 20. Nf5 Nf6 21. Rae1 Ra8 22. Re3 Qb5 23. Nxd6 Qxc4 24. Nxc4 Rxe4 25. Rxe4 Nxe4 26. f5 Rd8 27. Re1 Nf6 28. d6 Kf8 29. Re5 Nd7 30. Rd5 b3 31. Kf1 Rb8 32. Ke2 Re8+ 33. Kd3 Re1 34. Kc3 Ke8 35. Kxb3 Kd8 36. h3 h5 37. Kc3 Rf1 38. Nb6 Rf2 39. g4 Rf3+ 40. Rd3 Rf4 41. Nd5 Rf2 42. Re3 hxg4 43. hxg4 Rg2 44. Rh3 Nf6 45. Nxf6 gxf6 46. Kc4 Kd7 47. Rh6 Kc6 48. Rxf6 Rxg4+ 49. Kb3 Rg3+ 50. Ka2 Rf3 51. d7+ Kxd7 52. Rxf7+ Kd6 53. Rf6+ Ke5 54. Rxa6 Rxf5 55. Rb6 Kd5 56. a6 Rf4 57. Rb3 Rf8 58. a7 Ra8 59. Ra3 Kc4 60. Ra4+ Kb5 61. Kb3 c4+ 62. Ka3 Kc5 63. Ra5+ Kb6 64. Kb4 c3 65. bxc3 Kc6 66. Ra6+ Kc7 67. Kb5 Kb7 68. Rb6+ Kxa7 69. Ra6+ 1-0